000 01135nam a2200337Ia 4500
003 OSt
005 20221007121309.0
006 a|||||r|||| 00| 0
007 ta
008 221006b |||||||| |||| 00| 0 eng d
020 _a9781461463719 (hbk)
024 _a190358
037 _b240, 14/03/2014, N R Book Distributors
_cTextual
040 _aBDL
_cBDL
_beng
041 _2eng
_aeng
082 _aI:3, Q3 Carb
100 _aSarwat Marym Ed.
_9711338
245 0 _aStress signaling in plants: Genomics and proteomics perspective
_b Ahmad Altaf Ed. Abdin MZ Ed.
260 _aNew
_bYork Springer
_c2013
300 _axi,233p. col.ill.
_ccm.
490 _vVol.1
500 _aInclude bibliographical references.; Index 225-233p.
650 _a Genomics
_9442340
650 _a Proteomics
_9481323
650 _a Stress Signaling
_9711339
650 _aBotany
700 _a Abdin MZ Ed.
_9711340
700 _a Ahmad Altaf Ed.
_9710909
942 _hI:3, Q3 Carb
_cTEXL
_2CC
999 _c1208691
_d1208691